Seconde guerre mondiale - Statistiques

Statistiques générales
  • Ce quiz a été pris 385 fois
  • Le résultat moyen est 4 sur 11
Statistiques - réponses
Numéro Réponse % Correct
1 Juifs
99%
4 Homosexuels
67%
3 Handicapés
55%
2 Tsiganes
52%
11 Noirs
41%
6 Communistes
32%
8 Polonais
24%
7 Résistants politiques
16%
9 Slaves
14%
10 Serbes
2%
5 Témoins de Jéhovah
2%
Aucun quiz correspondant
Distribution des résultats
% des personnes avec chaque résultat
Percentile par nombre de réponses
Votre historique - résultats
Vous n’avez pas pris ce quiz